FAMILY NURSING PRACTICE (Record no. 2255)

MARC details
000 -LEADER
fixed length control field 00353nam a2200145Ia 4500
008 - FIXED-LENGTH DATA ELEMENTS--GENERAL INFORMATION
fixed length control field 150201s1998 xx 000 0 und d
082 ## - DEWEY DECIMAL CLASSIFICATION NUMBER
Classification number 610.734
Item number F98C
100 ## - MAIN ENTRY--PERSONAL NAME
Personal name COLE, BETH VAUGHAN
245 ## - TITLE STATEMENT
Title FAMILY NURSING PRACTICE
250 ## - EDITION STATEMENT
Edition statement 1ST
260 ## - PUBLICATION, DISTRIBUTION, ETC. (IMPRINT)
Name of publisher, distributor, etc. W.B. SAUNDERS
Place of publication, distribution, etc. U.S.A.
Date of publication, distribution, etc. 1998
300 ## - PHYSICAL DESCRIPTION
Extent 368
650 ## - SUBJECT ADDED ENTRY--TOPICAL TERM
Topical term or geographic name as entry element COMMUNITy NURSING
942 ## - ADDED ENTRY ELEMENTS (KOHA)
Source of classification or shelving scheme Dewey Decimal Classification
Koha item type Books
Holdings
Withdrawn status Lost status Source of classification or shelving scheme Damaged status Not for loan Collection code Home library Current library Shelving location Date acquired Source of acquisition Cost, normal purchase price SGTU Bill Number Total Checkouts Full call number Barcode Date last seen Bill Date Koha item type
    Dewey Decimal Classification   Not For Loan NURSING SGT Medical Library SGT Medical Library Reference Book 06/07/2014 ABC DELHI 1495.00 SGTU 4669   610.734 F98C FN1713 09/02/2015 06/07/2014 Books